[Event "Szczecin Stoczni Nowa Cup"]
[Site "Szczecin"]
[Date "2008.10.04"]
[Round "2.2"]
[White "Welna, Lukasz"]
[Black "Rutkowski, Maciej"]
[Result "0-1"]
[WhiteElo "1854"]
[BlackElo "2336"]
[PlyCount "66"]
[EventDate "2008.10.03"]
[EventType "swiss"]
[EventRounds "9"]
[EventCountry "POL"]
[SourceTitle "EXT 2023"]
[Source "ChessBase"]
[SourceDate "2022.10.05"]
[SourceVersion "1"]
[SourceVersionDate "2022.10.05"]
[SourceQuality "1"]

1. e4 c5 2. Nf3 Nc6 3. Bb5 g6 4. Bxc6 dxc6 5. d3 Bg7 6. h3 b6 7. 0-0 e5 8. Be3 Ne7 9. Nc3 h6 10. Qc1 Be6 11. b3 f5 12. Ne2 f4 13. Bd2 g5 14. Bc3 Ng6 15. Qb2 Qf6 16. Nh2 h5 17. f3 Kf7 18. Rfd1 g4 19. Kh1 Qg5 20. Qc1 Bf6 21. Ng1 Nh4 22. Rd2 Rag8 23. Qe1 Rg7 24. Qe2 Rhg8 25. fxg4 hxg4 26. hxg4 Bxg4 27. Nxg4 Qxg4 28. Qxg4 Rxg4 29. Nf3 Nxg2 30. Nxe5+ Bxe5 31. Bxe5 Rh4+ 32. Kg1 Ne3+ 33. Kf2 Rg2+ 0-1

[Event "Szczecin-ch"]
[Site "Szczecin"]
[Date "2007.05.27"]
[Round "5.4"]
[White "Jedruszek, Krzysztof"]
[Black "Welna, Lukasz"]
[Result "1/2-1/2"]
[WhiteElo "2037"]
[BlackElo "1824"]
[PlyCount "48"]
[EventDate "2007.05.26"]
[EventType "swiss"]
[EventRounds "9"]
[EventCountry "POL"]
[SourceTitle "EXT 2023"]
[Source "ChessBase"]
[SourceDate "2022.10.05"]
[SourceVersion "1"]
[SourceVersionDate "2022.10.05"]
[SourceQuality "1"]

1. d4 Nf6 2. c4 e6 3. Nc3 Bb4 4. Qc2 b6 5. Bg5 Bxc3+ 6. Qxc3 Bb7 7. e3 d6 8. f3 Nbd7 9. Bd3 h6 10. Bh4 e5 11. d5 a5 12. Ne2 Nc5 13. Bc2 Ba6 14. e4 g5 15. Bf2 Nh5 16. g3 Qf6 17. b3 Bc8 18. g4 Nf4 19. Nxf4 Qxf4 20. Bg3 Qf6 21. h4 Bd7 22. Ke2 Kf8 23. a3 Kg7 24. Qe3 Qe7 1/2-1/2